00345nam a2200109Ia 4500008004000000020001800040082001600058100003600074245006200110260005500172300000800227210210b1990 xxu||||| |||| 00| 0 eng d a0 7069 5233 2 a307.72 AGRR aAGRAWAL (A N) and LAL (Kundan). aRural economy of India, problems, progress and prospects. aNew Delhi.bVikas Publishing House Pvt Ltd.,c1990 a403